Laboratorní technika II : učebnice pro střední zdravotnické školy, studijní obor zdravotní laborant /

Main Author: Čerňák, Jozef
Other Authors: Čerňáková, Marta
Language: Czech
Published: Praha : Avicenum, 1982
Edition: 1. vyd.
Series: Učebnice pro zdravotnické školy (Avicenum)
Online Access: Digitalizovaný dokument
Physical Description: 386 s.
Book
Saved in:
LEADER 01226nam a22002772a 4500
001 000208939
003 CZ BrMZK
005 20110127173750.0
007 ta
008 970107s1982 xr f cze d
040 |a BOA001  |b cze 
100 1 |a Čerňák, Jozef  |7 jn19981002663 
245 1 0 |a Laboratorní technika II :  |b učebnice pro střední zdravotnické školy, studijní obor zdravotní laborant /  |c Jozef Čerňák, Marta Čerňáková 
250 |a 1. vyd. 
260 |a Praha :  |b Avicenum,  |c 1982 
300 |a 386 s. 
490 1 |a Učebnice pro zdravotnické školy 
500 |a Dostupné též v digitální podobě v aplikaci Kramerius 
700 1 |a Čerňáková, Marta  |7 jk01021403 
830 0 |a Učebnice pro zdravotnické školy (Avicenum)  |0 s 
856 4 1 |u http://www.digitalniknihovna.cz/mzk/uuid/uuid:a3388880-d479-11e4-8565-005056827e52  |y Digitalizovaný dokument  |x NDK 
910 |a BOA001  |b PK-0093.249  |b 2-0842.985,2 
964 |a Technika laboratorní - učebnice - školy zdravotnické 
990 |a BK 
996 7 |b 2619391292  |c 2-0842.985,2  |l MZK  |r Sklad / do 1 hodiny  |n 0  |w 000208939  |u 000020  |a 1  |e BOA001  |j MZK50  |s A 
996 7 |b 3119903509  |c PK-0093.249  |l MZK  |r Sklad / do 1 hodiny  |n 1  |w 000208939  |u 000010  |a 1  |e BOA001  |j MZK50  |s A